| 000 | 01086cam0 22003251ib4500 | ||
|---|---|---|---|
| 001 | BY-MI0005-br23758 | ||
| 005 | 20220312121728.0 | ||
| 010 |
^d2676р. ^a5-17-021808-7 |
||
| 035 | ^a(BY-MI0005)BY-MI0005-br23758 | ||
| 100 | ^a20131101d2004 y0rusy50 ca | ||
| 101 | 0 | ^arus | |
| 102 | ^aRU | ||
| 105 | ^aa z 000yy | ||
| 109 | ^ada | ||
| 200 | 1 |
^aДрагоценное сердце:Свобода быть самим собой ^bТекст ^fАнаньина,М ^gА.Х.Алмаас ^gпер. с англ.М.Ананьиной |
|
| 210 |
^aМ. ^cООО "АСТ" ^cООО "Астрель" ^d2004 |
||
| 215 | ^a222с. | ||
| 610 | 0 | ^aПСИХОЛОГИЯ | |
| 610 | 0 | ^aПСИХИКА | |
| 610 | 0 | ^aПСIХАЛОГIЯ | |
| 610 | 0 | ^aПСIХIКА | |
| 686 |
^a88.6 ^v2 ^2rubbk |
||
| 690 |
^a1 ^2Base ^9BY-MI0005 ^xRSEK |
||
| 700 | 1 |
^aАлмаас ^bА. Х. |
|
| 701 | 1 |
^aАнаньина ^bМ. |
|
| 801 | 0 |
^aBY ^bBY-MI0005 ^c20131101 ^gpsbo |
|
| 801 | 2 |
^aBY ^bBY-MI0005 ^c20220302 ^gpsbo |
|
| 899 |
^aBY-MI0005 ^h88.6 ^iА 51 |
||